<?xml version="1.0" encoding="UTF-8"?><?xml-stylesheet type="text/xsl" href="static/style.xsl"?><OAI-PMH xmlns="http://www.openarchives.org/OAI/2.0/" xmlns:xsi="http://www.w3.org/2001/XMLSchema-instance" xsi:schemaLocation="http://www.openarchives.org/OAI/2.0/ http://www.openarchives.org/OAI/2.0/OAI-PMH.xsd"><responseDate>2026-04-13T13:44:50Z</responseDate><request verb="GetRecord" identifier="oai:www.recercat.cat:10256/27281" metadataPrefix="marc">https://recercat.cat/oai/request</request><GetRecord><record><header><identifier>oai:recercat.cat:10256/27281</identifier><datestamp>2025-09-19T18:53:56Z</datestamp><setSpec>com_2072_452966</setSpec><setSpec>com_2072_2054</setSpec><setSpec>col_2072_452969</setSpec></header><metadata><record xmlns="http://www.loc.gov/MARC21/slim" xmlns:dcterms="http://purl.org/dc/terms/" xmlns:xsi="http://www.w3.org/2001/XMLSchema-instance" xmlns:doc="http://www.lyncode.com/xoai" xsi:schemaLocation="http://www.loc.gov/MARC21/slim http://www.loc.gov/standards/marcxml/schema/MARC21slim.xsd">
   <leader>00925njm 22002777a 4500</leader>
   <datafield ind2=" " ind1=" " tag="042">
      <subfield code="a">dc</subfield>
   </datafield>
   <datafield ind2=" " ind1=" " tag="720">
      <subfield code="a">Prieto Gil, Júlia</subfield>
      <subfield code="e">author</subfield>
   </datafield>
   <datafield ind2=" " ind1=" " tag="260">
      <subfield code="c">2024-01</subfield>
   </datafield>
   <datafield ind2=" " ind1=" " tag="520">
      <subfield code="a">El present estudi se centra en presentar evidències, basades en l’observació&#xd;
participant i les entrevistes, de les conductes discriminatòries i racistes, presents entre el voluntariat d’entitats de caire humanitari, així com la síndrome del salvador blanc (white savior) i un sentiment imperant de superioritat respecte dels usuaris. El cas d’estudi específic és Càritas, organització pertanyent a l’Església catòlica i que és capaç de&#xd;
desenvolupar programes humanitaris gràcies al voluntariat. A partir del treball de camp realitzat en aquest organisme, es pretén donar resposta a una pregunta de recerca que es planteja si la formació antiracista al voluntariat pot ajudar a canviar les dinàmiques o les relacions de poder que es donen amb població d’origen estranger o racialitzada</subfield>
   </datafield>
   <datafield ind2=" " ind1=" " tag="520">
      <subfield code="a">El presente estudio se centra en presentar evidencias, basadas en la observación participante y las entrevistas, de las conductas discriminatorias y racistas, presentes entre el voluntariado de entidades de cariz humanitario, así como el síndrome del salvador blanco (white savior) y un sentimiento imperante de superioridad respecto a los usuarios. El caso de estudio específico es Cáritas, organización perteneciente a la Iglesia católica y capaz de desarrollar programas humanitarios gracias al voluntariado. A partir del trabajo de campo realizado en este organismo, se pretende dar respuesta a una pregunta de investigación que se plantea si la formación antirracista en el voluntariado puede ayudar a cambiar las dinámicas o las relaciones de poder que se dan con población de origen extranjero o racializada</subfield>
   </datafield>
   <datafield ind2=" " ind1=" " tag="520">
      <subfield code="a">The present study focuses on presenting evidence, based on participant observation and interviews, of discriminatory and racist behaviour among volunteers in humanitarian organisations, as well as the phenomenon of white saviour syndrome and a prevailing feeling of superiority towards users. The specific case study under consideration is Caritas, an organisation belonging to the Catholic Church that is able to carry out humanitarian programmes thanks to its volunteers. The objective of this study, which is based on fieldwork carried out in this organisation, is to provide an answer to the following research question: namely, whether anti-racist training for volunteers can help to change the dynamics or power relations that exist with populations of foreign or racialised origin</subfield>
   </datafield>
   <datafield ind2=" " ind1=" " tag="520">
      <subfield code="a">1</subfield>
   </datafield>
   <datafield ind2=" " ind1=" " tag="520">
      <subfield code="a">2</subfield>
   </datafield>
   <datafield ind2=" " ind1=" " tag="520">
      <subfield code="a">3</subfield>
   </datafield>
   <datafield ind2=" " ind1=" " tag="520">
      <subfield code="a">4</subfield>
   </datafield>
   <datafield ind2=" " ind1=" " tag="520">
      <subfield code="a">8</subfield>
   </datafield>
   <datafield ind2=" " ind1=" " tag="520">
      <subfield code="a">10</subfield>
   </datafield>
   <datafield ind2=" " ind1=" " tag="520">
      <subfield code="a">16</subfield>
   </datafield>
   <datafield ind1="8" ind2=" " tag="024">
      <subfield code="a">http://hdl.handle.net/10256/27281</subfield>
   </datafield>
   <datafield tag="653" ind2=" " ind1=" ">
      <subfield code="a">Emigració i immigració</subfield>
   </datafield>
   <datafield tag="653" ind2=" " ind1=" ">
      <subfield code="a">Emigration and immigration</subfield>
   </datafield>
   <datafield tag="653" ind2=" " ind1=" ">
      <subfield code="a">Conducta d'ajuda</subfield>
   </datafield>
   <datafield tag="653" ind2=" " ind1=" ">
      <subfield code="a">Helping behavior</subfield>
   </datafield>
   <datafield tag="653" ind2=" " ind1=" ">
      <subfield code="a">Discriminació racial</subfield>
   </datafield>
   <datafield tag="653" ind2=" " ind1=" ">
      <subfield code="a">Race discrimination</subfield>
   </datafield>
   <datafield tag="653" ind2=" " ind1=" ">
      <subfield code="a">Racisme</subfield>
   </datafield>
   <datafield tag="653" ind2=" " ind1=" ">
      <subfield code="a">Racism</subfield>
   </datafield>
   <datafield tag="653" ind2=" " ind1=" ">
      <subfield code="a">Voluntariat</subfield>
   </datafield>
   <datafield tag="653" ind2=" " ind1=" ">
      <subfield code="a">Voluntarism</subfield>
   </datafield>
   <datafield ind2="0" ind1="0" tag="245">
      <subfield code="a">La formació antiracista en el voluntariat: el cas de Càritas interparroquial de Reus</subfield>
   </datafield>
</record></metadata></record></GetRecord></OAI-PMH>